书目信息 |
| 题名: |
侵犯公民人身权利、民主权利犯罪的法律适用
|
|
| 作者: | 王明 主编 | |
| 分册: | ||
| 出版信息: | 北京 人民法院出版社 2002 |
|
| 页数: | 198页 | |
| 开本: | 20cm | |
| 丛书名: | 新刑法适用问题研究系列丛书 | |
| 单 册: | ||
| 中图分类: | D924.344 | |
| 科图分类: | ||
| 主题词: | 侵犯人身权利罪--法律适用--研究--中国 , 侵犯民主权利罪--法律适用--研究--中国 | |
| 电子资源: | ||
| ISBN: | 7-80161-346-5 | |
| 000 | 00861nam0 2200241 45 | |
| 001 | 0310152107 | |
| 005 | 20031219104120.1 | |
| 010 | @a7-80161-346-5@dCNY14.00 | |
| 100 | @a20031015d2002 km y0chiy0120 ea | |
| 101 | 0 | @achi |
| 105 | @a n 000yy | |
| 200 | 1 | @a侵犯公民人身权利、民主权利犯罪的法律适用@AQin Fan Gong Min Ren Shen Quan Li、Min Zhu Quan Li Fan Zui De Fa Lu Shi Yong@f王明主编@FWang Ming Zhu Bian |
| 210 | @a北京@c人民法院出版社@d2002 | |
| 215 | @a198页@d20cm | |
| 225 | @a新刑法适用问题研究系列丛书@f刘家琛主编 | |
| 410 | @12001 @a新刑法适用问题研究系列丛书 | |
| 410 | @1700 0@a刘家琛@ALiu Jia Chen@4主编 | |
| 606 | 0 | @a侵犯人身权利罪@x法律适用@x研究@y中国 |
| 606 | 0 | @a侵犯民主权利罪@x法律适用@x研究@y中国 |
| 690 | @aD924.344@v4 | |
| 701 | 0 | @a王明@4主编 |
| 801 | @aCN@bTSTC@c20031015 | |
| 905 | @a213230@b326968-972@dD924.344@e174@f5 | |
| 侵犯公民人身权利、民主权利犯罪的法律适用/王明主编.-北京:人民法院出版社,2002 |
| 198页;20cm.-(新刑法适用问题研究系列丛书/刘家琛主编) |
| ISBN 7-80161-346-5:CNY14.00 |
| ● |
| 相关链接 |
|
|
|
|
正题名:侵犯公民人身权利、民主权利犯罪的法律适用
索取号:D924.344/174
 
预约/预借
| 序号 | 登录号 | 条形码 | 馆藏地/架位号 | 状态 | 备注 |
| 1 | 0326968 | 203269685 | 第一借阅区/ [索取号:D924.344/174] | 在馆 | |
| 2 | 0326969 | 203269694 | 第一借阅区/ [索取号:D924.344/174] | 在馆 | |
| 3 | 0326970 | 203269701 | 第一借阅区/ [索取号:D924.344/174] | 在馆 | |
| 4 | 0326971 | 203269710 | 第一借阅区/ [索取号:D924.344/174] | 在馆 | |
| 5 | 0326972 | 203269729 | 第一样本阅览室/ [索取号:D924.344/174] | 在馆 |